|
|
|
|
| LEADER |
00676cam a2200217 7i4500 |
| 001 |
0000012705 |
| 005 |
20150325090000.0 |
| 003 |
iicp-my |
| 005 |
20090428120300.0 |
| 008 |
090428 000 0 eng d |
| 020 |
|
|
|a 9780750669238
|
| 039 |
|
9 |
|y 200904281203
|z Azlin
|
| 090 |
0 |
0 |
|a 621.3815
|b TOO
|
| 100 |
1 |
|
|a Tooley, Michael
|
| 245 |
0 |
0 |
|a Electronic circuits : Fundamentals and applications / by Michael Tooley BA.
|
| 250 |
|
|
|a 3rd ed..
|
| 260 |
|
|
|a Amsterdam ; Boston : Elsevier ; Oxford : Newnes, 2006.
|
| 300 |
|
|
|a viii, 430 p.: ill. ; 25 cm..
|
| 650 |
|
0 |
|a Electronic circuits.
|
| 999 |
|
|
|a 1000020590
|b Book
|c Green Spot
|
| 999 |
|
|
|a 1000020635
|b Book
|c White Spot
|